Բարդ նախադասության ուսուցման իմ փորձը / (Record no. 539271)
[ view plain ]
| 000 -LEADER | |
|---|---|
| fixed length control field | 00940nam a2200193 a 4500 |
| 003 - CONTROL NUMBER IDENTIFIER | |
| control field | AM-YEHGA |
| 005 - DATE AND TIME OF LATEST TRANSACTION | |
| control field | 20260123115046.0 |
| 008 - FIXED-LENGTH DATA ELEMENTS--GENERAL INFORMATION | |
| fixed length control field | 010124s1953 ai d|||gr|||| 00||0|arm d |
| 040 ## - CATALOGING SOURCE | |
| Original cataloging agency | AM-YEHGA |
| 041 0# - LANGUAGE CODE | |
| Language code of text/sound track or separate title | arm |
| 001 - CONTROL NUMBER | |
| control field | 1316390 |
| 100 1# - MAIN ENTRY--PERSONAL NAME | |
| Personal name | Ալեքսանյան, Զավեն Հարությունի |
| 9 (RLIN) | 2501 |
| 245 10 - TITLE STATEMENT | |
| Title | Բարդ նախադասության ուսուցման իմ փորձը / |
| Statement of responsibility, etc. | Զ. Ալեքսանյան; Հայկական ՍՍՌ լուսավորության մինիստրություն, դպրոցների գիտա-հետազոտական ինստիտուտ․ |
| 260 ## - PUBLICATION, DISTRIBUTION, ETC. | |
| Place of publication, distribution, etc. | Երևան : |
| Name of publisher, distributor, etc. | ՀՍՍՌ պետ. հեռակա մանկ. ինտ-ի հրատ., |
| Date of publication, distribution, etc. | 1953. |
| 300 ## - PHYSICAL DESCRIPTION | |
| Extent | 53 էջ |
| 650 10 - SUBJECT ADDED ENTRY--TOPICAL TERM | |
| Topical term or geographic name entry element | Լեզվաբանություն |
| 710 2# - ADDED ENTRY--CORPORATE NAME | |
| Corporate name or jurisdiction name as entry element | Հայկական ՍՍՌ լուսավորության մինիստրություն ։ |
| Subordinate unit | Դպրոցների գիտա-հետազոտական ինստիտուտ |
| 942 ## - ADDED ENTRY ELEMENTS (KOHA) | |
| Source of classification or shelving scheme | Universal Decimal Classification |
| Koha item type | Գրքեր / Books |
| Withdrawn status | Lost status | Source of classification or shelving scheme | Damaged status | Not for loan | Collection | Home library | Current library | Date acquired | Total checkouts | Full call number | Barcode | Date last seen | Price effective from | Koha item type | Public note |
|---|---|---|---|---|---|---|---|---|---|---|---|---|---|---|---|
| Universal Decimal Classification | Gharibyan individual Collection | Fundamental Scientific Library | Fundamental Scientific Library | 14/11/2025 | Ղար/782 | FL0698586 | 14/11/2025 | 05/12/2025 | Գրքեր / Books | ILL Non-Circ. |
ՀՀ Գիտությունների ազգային ակադեմիայի հիմնարար գիտական գրադարան = Fundamental Scientific Library of NAS RA
All site content, except where otherwise noted, is licensed under a